00955nac a22002291u 4500010001300000020001500013082001600028090001500044100003400059245010200093260004500195300002600240500005200266500014000318500002000458650002600478700002600504710004200530942001800572999001500590952012000605 a88039898 a040803777600a363.7bT648 c1424d1424 a20080729 00aEvolving environmental perceptions :bfrom Stockholm to Nairobi /cedited by Mostafa Kamal Tolba. aLondon ;aBoston :bButterworths,c1988. axii, 458 p. ;c25 cm. aOn cover: United Nations Environment Programme. aIncludes documents from the United Nations Conference on the Human Environment, held in Stockholm in 1972 and other follow-up meetings. aIncludes index. 0aEnvironmental policy.1 aTolba, Mostafa Kamal.2 aUnited Nations Environment Programme. cBBk363.7T648 c1424d1424 00104070aMAINbMAINc1STd2010-09-06ePurchasel2m63o363.7 EVOp000003022r2025-07-15 00:00:00s2011-12-19yBB